| 000 | 01369nam a22003135i 4500 | ||
|---|---|---|---|
| 001 | 48293 | ||
| 003 | ES-MaACL | ||
| 005 | 20250714085854.0 | ||
| 007 | t| | ||
| 008 | 950713s1840 fr ||||1| fre d | ||
| 040 |
_aCAM _bspa _cCAM |
||
| 245 | 0 | 0 |
_aChoix d'ouvrages mystiques _b: avec notices littéraires / _cpar J.A.C. Buchon. |
| 260 |
_aParis : _bA. Desrez, _c1840. |
||
| 300 |
_a764 p. ; _c26 cm. |
||
| 490 | 1 | _aPanthéon littéraire. Littérature latine. Philosophie chrétienne | |
| 505 | 8 | _aContiene: Confessions; Méditations / Saint Augustin -- Consolations de la philosophie / Boéce -- Traité de la consideration / Saint Bernard -- Imitation de Jésus-Christ / Gersen -- Principes de la vie Chrétienne; Chémin du ciel / Cardinal Bona -- Institutions / Tauler -- Le directeur des ames religieuses / Louis de Blois. | |
| 650 |
_aMisticismo. _915086 |
||
| 700 | 0 |
_aAgustín, _cSanto, Obispo de Hipona. _9125563 |
|
| 700 | 1 |
_aBoecio. _929720 |
|
| 700 | 0 |
_aBernardo, _cSanto, _d1090?-1153 _928290 |
|
| 700 | 1 |
_aGersen. _956499 |
|
| 700 | 1 |
_aBona _c, Cardenal. _930047 |
|
| 700 | 1 |
_aTauler. _9109402 |
|
| 700 | 1 |
_aBlois, Louis de. _929534 |
|
| 700 | 1 |
_aBuchon, Jean-Alexandre. _9126221 |
|
| 830 | 0 |
_aPanthéon littéraire. Littérature latine. Philosophie chrétienne _9182229 |
|
| 852 |
_aES-MaACL _jG-13584 |
||
| 999 |
_c48293 _d48293 |
||